| 000 | 00639nam a2200217 a 4500 | ||
|---|---|---|---|
| 999 |
_c3388 _d3388 |
||
| 001 | 3388 | ||
| 003 | BD-JhCC | ||
| 005 | 20171113134055.0 | ||
| 008 | 171105s1974 bg |||| |||| 000 0 ben d | ||
| 035 | _a(BD-JhCC)3388 | ||
| 040 |
_aBD-JhCC _dBD-JhCC |
||
| 041 | _aben | ||
| 082 |
_a891.442 _bROY 1974 |
||
| 100 | _aরায়, দ্বিজেন্দ্রলাল | ||
| 245 |
_aবঙ্গনারী / _cদ্বিজেন্দ্রলাল রায় |
||
| 260 |
_aঢাকা : _bমুক্তধারা _c1974. |
||
| 300 |
_a108 p. : _c22 cm. |
||
| 650 | _aBengali Drama | ||
| 942 |
_2ddc _cBK |
||